000 00660nam a2200241Ia 4500
003 OSt
005 20220925215308.0
006 a|||||r|||| 00| 0
007 ta
008 220923b |||||||| |||| 00| 0 eng d
037 _cGeneral Book
040 _aRTL
_cRTL
_beng
041 _2eng
_aeng
082 _aU43.3124.N7, M1
100 _aHall Peter Ed.
_9110857
245 0 _aInner city in context
260 _aLondon
_bHeinemann U. K.
_c1981
300 _aviii, 175p.
_ccm.
500 _aBibliography p.154-64
650 _aUrban Geography
942 _hU43.3124.N7, M1
_cGB
_2CC
999 _c568396
_d568396